Counties of Pennsylvania Quiz Stats

 Plays Quiz not verified by Sporcle

Support Sporcle.
Go Orange.
Score 0/67 Timer 10:00
0 Plays Today
county % Correct
Philadelphia
92.4%
Bucks
90.9%
Allegheny
87.9%
Erie
87.1%
Delaware
85.6%
Montgomery
82.6%
Chester
81.1%
Berks
79.5%
Lancaster
78.8%
York
78%
Adams
75%
Washington
73.5%
Monroe
70.5%
Centre
68.9%
Dauphin
68.9%
Franklin
66.7%
Lackawanna
65.9%
Lehigh
65.2%
Jefferson
62.9%
Carbon
61.4%
Cumberland
61.4%
Indiana
61.4%
Luzerne
60.6%
Wyoming
60.6%
Beaver
59.1%
Bradford
59.1%
Elk
58.3%
Greene
58.3%
Northumberland
58.3%
Bedford
56.8%
Cambria
56.8%
Juniata
56.8%
Northampton
56.8%
Blair
56.1%
county % Correct
Forest
56.1%
Lebanon
56.1%
Pike
56.1%
Westmoreland
56.1%
Clinton
55.3%
Susquehanna
55.3%
Clearfield
54.5%
Butler
53.8%
Clarion
53.8%
Fayette
53.8%
Lycoming
53.8%
Tioga
53.8%
Union
53.8%
Somerset
53%
Wayne
53%
Armstrong
52.3%
Potter
52.3%
Schuylkill
52.3%
Venango
52.3%
Warren
52.3%
Cameron
50.8%
Fulton
50%
Perry
50%
Huntingdon
49.2%
McKean
49.2%
Mifflin
49.2%
Mercer
48.5%
Columbia
45.5%
Montour
45.5%
Crawford
44.7%
Snyder
43.9%
Lawrence
43.2%
Sullivan
43.2%

You're not logged in!

Compare scores with friends on all Sporcle quizzes.
OR
Log In

From the Vault

Find the Grumpy TV Characters

by ghcgh

Someone tell these characters that takes more muscle effort to frown than to smile.
Remove Ads.
Support Sporcle.
Get the best of Sporcle when you Go Orange. This ad-free experience offers more features, more stats, and more fun while also helping to support Sporcle. Thank you for becoming a member.

Show Comments

Extras

Created Sep 27, 2009ReportNominate
Tags:counties, Pennsylvania

Top Quizzes Today


Score Distribution

Your Account Isn't Verified!

In order to create a playlist on Sporcle, you need to verify the email address you used during registration. Go to your Sporcle Settings to finish the process.

Report this User

Report this user for behavior that violates our Community Guidelines.

Details: